000 00605nam a2200229 a 4500
999 _c1223
_d1223
008 191211r20132014ii ||||g |||| 001 0 eng d
020 _a9789325968363
_cRs. 425.00
040 _aKO
_beng
041 0 _aeng
044 _aii
082 0 4 _223
_a303.482
_bK5276
100 1 _aKhanna, V. N.
245 1 0 _aInternational Relations /
_cV. N. Khanna
250 _a5th ed.
260 _aNoida :
_bVikas Publishing House Pvt. Ltd. ,
_c2013, reprinted 2014.
300 _a486 p. ;
_c24 cm.
504 _aIncludes Index.
650 0 _aInternational relations
904 _aA_BOSE
942 _cBK